Land vs. Land #2 - Statistiken

Allgemein
  • Dieses Quiz wurde 90 mal gespielt
  • Das Durchschnittsergebnis liegt bei 12 aus 14
Antwortstatistiken
Frage Antwort % Korrekt
...Militär? Israel🇮🇱
100%
...Fläche? Israel🇮🇱
99%
...Frieden? Liechtenstein🇱🇮
99%
...Einwohner? Israel🇮🇱
98%
...Exportmengen? Israel🇮🇱
94%
...Happy Planet Index? Liechtenstein🇱🇮
93%
...Lebenserwartung? Liechtenstein🇱🇮
93%
...Bruttoinlandsprodukt pro Kopf? Liechtenstein🇱🇮
92%
...Gesundheitswesen? Liechtenstein🇱🇮
90%
...Tourismus? Israel🇮🇱
88%
...HDI (Human Development Index)? Liechtenstein🇱🇮
87%
...Bruttoinlandsprodukt? Israel🇮🇱
71%
...Gewinner? Israel🇮🇱
48%
...durchschnittlicher IQ? Israel🇮🇱
33%
Keine übereinstimmenden Quizze gefunden
Verteilung der Resultate
Anzahl Personen mit jedem Resultat
Perzentil nach korrekt beantworteten Fragen
Ihre Resultats-Entwicklung
Sie haben dieses Quiz noch nicht gespielt